| 000 | 00444nam a2200181Ia 4500 | ||
|---|---|---|---|
| 008 | 221030s9999 xx 000 0 und d | ||
| 020 | _a0070529086 | ||
| 041 | _aEnglish | ||
| 082 |
_a105.23 _bBre |
||
| 100 | _aR. A. Brealey | ||
| 245 | 0 |
_aPrinciples Of Corporate Finance _cby R. A. Brealey, S. C. Myers |
|
| 250 | _a7th | ||
| 260 |
_bTMH _aNew Delhi _c2005 |
||
| 300 | _a1071 | ||
| 650 | _aManagement | ||
| 700 | _aS. C. Myers | ||
| 942 | _cBK | ||
| 999 |
_c151 _d151 |
||